Регионална библиотека "Любен Каравелов" - Русе

Специализирани видове туризъм (Запис номер 108112)

MARC детайли
000 -Лидер
Контролно поле с фиксирана дължина 02453nam a2200421 c 4500
003 - Код на организацията, давaща контролен номер
Контролно поле BLK
005 - Дата и час на последна редакция
Контролно поле 20231028150629.0
008 - Елементи от данни с фиксирана дължина
fixed length control field 180409b bul|||||r ||||||| ||bul||
010 ## - Наследен системен номер
LC control number KNG00113410000
020 ## - Международен стандартен номер на книга ISBN
Международен стандартен номер на книга ISBN 954-305-079-1
-- издат.: Кота - на том(ч. 1)
040 ## - Източник на каталожния запис
Идентификатор на билиотеката - собственик на записа BLK
041 ## - Код за език
Код за езика на текст/звукозапис или на отделно заглавие Български
Код за езика КДБФ Български
080 ## - УДК
Текстов определител УДК Туризмът от стопанско гледище. Политика по отношение на туризма. Икономика и организация на туризма. Вътрешен и международен туризъм. Вж и 379.8
УДК код - определител по УДК 338.48
УДК определител (075.8)
УДК - код + определител 338.48(075.8)
080 ## - УДК
Текстов определител УДК Социална география. Икономическа география. География на туризма
УДК код - определител по УДК 338:91
УДК определител (075.8)
УДК - код + определител 338:91(075.8)
100 1# - Редна дума - Автор
Автор Алексиева, Йорданка Николова
Авторска отговорност първи автор
R(LIN) 370586
139 ## - Редно поле
Редна дума Алексиева, Йорданка Николова и др.
Авторски знак Алекси - А 52
245 10 - Сведения за заглавието
Заглавие Специализирани видове туризъм
Подзаглавни данни Ч. 1 -
Редно поле (дума) Йорданка Николова Алексиева; съавт. Стамен Николов Стамов.
Том Ч. 1
Заглавие на том Лечебен, религиозен, ловен, спортен и екологичен туризъм
257 ## - Страна на издаване
Страна на създаване/издаване България
260 ## - Област на издателските данни
-- Ст. Загора
Година на издаване 2003 -
300 ## - Физическа характеристика
Размери/Мащаб 23 см
380 ## - Жанр
Жанр Обществени науки
650 #4 - Допълнително описание по предмет – тема
Основно описание – тема или топоним Стопански туризъм - икономика и организация - учебни помагала
9 (RLIN) 297849
650 #4 - Допълнително описание по предмет – тема
Основно описание – тема или топоним Туризъм, международен - икономика и организация
9 (RLIN) 248420
653 ## - Ключова дума – ненормативна
Ключова дума лечебен туризъм
653 ## - Ключова дума – ненормативна
Ключова дума религиозен туризъм
653 ## - Ключова дума – ненормативна
Ключова дума ловен туризъм
653 ## - Ключова дума – ненормативна
Ключова дума туризъм
653 ## - Ключова дума – ненормативна
Ключова дума екотуризъм
653 ## - Ключова дума – ненормативна
Ключова дума учебни помагала
700 1# - Други автори (авторска отговорност)
Лично име Стамов, Стамен Николов
Автороска отговорност (Описва отношението между автора и произведението) съавт.
9 (RLIN) 370587
760 1# - Описание на основната серия
-- - на том(ч. 1)
Редна дума на основното описание Алексиева, Йорданка Николова
Място на издаване, издател и година Кота, 2003
Страници - том 398 с. : с ил., табл., к.
Забележка - том На кор. местоизд. Пловдив
Заглавие Ч. 1 Лечебен, религиозен, ловен, спортен и екологичен туризъм
852 ## - Местоположение
Форматна сигнатура Цб 219809
856 4# - Електронен адрес и достъп
Електронен формат pdf - файл
Път до файла /url/
856 4# - Електронен адрес и достъп
Електронен формат pdf - файл
Път до файла /url/
942 ## - АРТИКУЛИ
Вид на библиотечния материал Книги
Скрит в OPAC Не
Koha issues (borrowed), all copies 4
944 ## - СЪЗДАВАНЕ И РЕДАКЦИЯ на ЗАПИСА
Създаване/Редакция Създаване
Дата на регистрацията/редакция 04.06.2004
Служител, извършил регистрацията/редакцията 30575
Статус, дата на статуса Мартин Енчев
944 ## - СЪЗДАВАНЕ И РЕДАКЦИЯ на ЗАПИСА
Създаване/Редакция Редакция
Дата на регистрацията/редакция 21.11.2012
Служител, извършил регистрацията/редакцията
999 ## - СИСТЕМНИ КОНТРОЛНИ НОМЕРА
Koha biblionumber 108112
Koha biblioitemnumber 108112
Наличности
Код за отписване Код за изгубен артикул Код за повреда Коз за рестрикции Код за отдаване Артикулен № Име на библиотеката - собственик Име на библиотеката, в която се намира в момента Статус (Текущо местоположение) Дата на вписване в системата Местоположение - отдел Цена в лева Инвентарен номер Систематично азбучна сигнатура Баркод Номер на екземпляра Цена в евро Служебна бележка Служебен тип на артикула
  Не е изгубен Не е повреден без рестрикции заемане за дома 174419 Регионална библиотека "Любен Каравелов" Русе Регионална библиотека "Любен Каравелов" Русе Заемна - подръчен фонд 2004-06-04 Заемна - подръчен фонд 12.80 120000685956 П 338.4/А 52 120000685956 1 6.54 Дост: Pk Вид: Ф N: 5 Дата: 02.06.2004 Дата инв: 05.02.2018 Бележки инв: П2018 Книги
  Не е изгубен Не е повреден без рестрикции ползва се в читалня 174420 Регионална библиотека "Любен Каравелов" Русе Регионална библиотека "Любен Каравелов" Русе Читалня 2004-06-04 Читалня 12.80 120000685957 Ч 338.4/А 52 120000685957 2 6.54 Дост: Pk Вид: Ф N: 5 Дата: 02.06.2004 Дата инв: 23.03.2017 Бележки инв: Ч2017 Книги
  Не е изгубен Не е повреден без рестрикции заемане за дома 174421 Регионална библиотека "Любен Каравелов" Русе Регионална библиотека "Любен Каравелов" Русе Заемна - подръчен фонд 2006-12-19 Заемна - подръчен фонд 16.80 120000707633 П 338.4/А 52 120000707633 3 8.59 Дост: Pk Вид: Ф N: 47395 Дата: 17.12.2006 Дата инв: 06.02.2018 Бележки инв: П2018 Книги
Vip Innovations Ltd, Rousse, Bulgaria 2025